| 000 | 00791nam a22002177a 4500 | ||
|---|---|---|---|
| 005 | 20140925154031.0 | ||
| 010 | _aENG-110904 | ||
| 020 |
_a9789351432296 _c895.00 |
||
| 035 | _aEN-94436 | ||
| 037 | _bDBAD/PUB | ||
| 082 | _a343.052 | ||
| 100 | _aChaturvedi, K. | ||
| 245 |
_aChaturvedi and Pithisaria's income tax act : _cby K. Chaturvedi [and] S. M. Pithisaria; compiled by M.K. Pithisaria [and] Mukesh Pithisaria _bwith relevant texts of allied acts / |
||
| 260 |
_aGurgaon _bLexis Nexis _c2014 |
||
| 270 |
_a14th Floor, Building No.10, Tower-B, DLF Cyber City, Phase-II _bGurgaon _e122002 |
||
| 300 |
_accxxiii,1705p. _c25cm(pbk) |
||
| 700 | _aPithisaria, M.K. | ||
| 700 | _aPithisaria, Mukesh | ||
| 700 | _aPithisaria, Mukesh | ||
| 942 |
_2ddc _cEN _mCHA _h343.052 |
||
| 999 |
_c88810 _d88810 |
||